Learning to teach in the secondary school: A companion to school experience (Record no. 1387019)

MARC details
000 -LEADER
fixed length control field 00691nam a2200229Ia 4500
005 - DATE AND TIME OF LATEST TRANSACTION
control field 20250508164107.0
008 - FIXED-LENGTH DATA ELEMENTS--GENERAL INFORMATION
fixed length control field 008 250505s9999 xx 000 0 eng d
037 ## - SOURCE OF ACQUISITION
Stock number TextBook
040 ## - CATALOGING SOURCE
Original cataloging agency FEDL
Language of cataloging eng
Transcribing agency FEDL
041 ## - LANGUAGE CODE
Language code of text/sound track or separate title eng
Source of code eng
084 ## - COLON CLASSIFICATION NUMBER
Classification number 370.1523, CAP/R
Assigning agency FEDL
100 ## - MAIN ENTRY--PERSONAL NAME
Personal name Capel Susan Ed.
9 (RLIN) 777297
245 #0 - TITLE STATEMENT
Title Learning to teach in the secondary school: A companion to school experience
250 ## - EDITION STATEMENT
Edition statement 3
260 ## - PUBLICATION, DISTRIBUTION, ETC.
Place of publication, distribution, etc. London, UK
Name of publisher, distributor, etc. Routledge Falmer
Date of publication, distribution, etc. 2001
300 ## - PHYSICAL DESCRIPTION
Extent 465p.
365 ## - TRADE PRICE
Price type code GBP
Price amount 17.99
650 ## - SUBJECT ADDED ENTRY--TOPICAL TERM
Topical term or geographic name entry element Secondary education
700 ## - ADDED ENTRY--PERSONAL NAME
Personal name Leask Marilyn Ed. Turner Tony Ed.
9 (RLIN) 777298
942 ## - ADDED ENTRY ELEMENTS (KOHA)
Koha item type Textbook
Classification part 370.1523, CAP/R
Holdings
Withdrawn status Lost status Damaged status Not for loan Home library Current library Date acquired Cost, normal purchase price Total Checkouts Full call number Barcode Date last seen Price effective from Koha item type
        Department of Education Library Department of Education Library 2025-05-08 17.99   370.1523, CAP/R EL0080633 2025-05-08 2025-05-08 Textbook
Copyright @ Delhi University Library System